00902nam a22002777a 45000010005000000030006000050050017000110080041000280200018000690400029000870500016001160820012001321000020001442450042001642600036002063000065002424900029003075050008003365200127003445210023004715210020004946500026005146500030005406500024005707000030005947642FISKH20250729110956.0250729b cb ||||| |||| 00| 0 eng d a9780142404034 aFISKHbengcFISKHdFISKH aPZ7.S3286 S a636.825 aSchachner, Judy a Skippyjon Jones /cBy Judy Schachner aLondon :bPuffin Books ,c2003. a40 unnumbered pages : bcolor illustrations ;c23 x 27 cm .  aSkippyjon Jones vBook 1 aR  aSkippyjon Jones is a Siamese cat with an overactive imagination who would rather be El Skippito, his Zorro-like alter ego.8 a740 bLexile AD 8 aR bRaz-Plus  aSiamese catsvFiction aSkippyjon Jones vFiction aAdventure vFiction aWood, Heather eDesigner